000 00879nam a2200277 a 4500
001 36258
003 BD-RjUL
005 20211209052448.0
008 161212r19691968enka b 001 0 eng
020 _a0043200427
035 _a(BD-RjUL) 36355
035 _a222228
040 _aLC
_beng
_cLC
_dVMOU
_dBD-RjUL
041 _aeng
082 0 4 _a320.941
_223
_bBIB 1969
100 1 _aBirch, A. H.
_q(Anthony Harold)
_9110344
245 1 4 _aThe British system of government /
_cA. H. Birch.
250 _a2nd ed.
260 _aLondon :
_bAllen & Unwin,
_c1967 [Impression 1969]
300 _a284 p. :
_bill. ;
_c22 cm.
490 _aMinerva series of students handbooks ;
_vno. 20
504 _aIncludes bibliographies and index.
651 0 _aGreat Britain
_xPolitics and government.
_9110346
830 _aMinerva series of students handbooks ;
_vno. 20
_9172157
942 _2ddc
_cBK
999 _c36258
_d36258